[Event "SV Castrop-Rauxel 1 - PSV Duisburg 1"]
[Site "Oberliga NRW 2010/2011"]
[Date "2010.11.28"]
[Round "3.5"]
[White "Heisel, Guido"]
[Black "Fischer, Thomas"]
[Result "1/2-1/2"]
[WhiteElo "2167"]
[BlackElo "2135"]
[Annotator ",Daniel"]
[PlyCount "115"]
[EventDate "2010.??.??"]

1. d4 d5 2. Bf4 f5 3. e3 e6 4. c4 c6 5. Nc3 Bd6 6. Nf3 Nf6 7. Bd3 Bxf4 8. exf4
dxc4 9. Bxc4 Nd5 10. g3 O-O 11. O-O b5 12. Bb3 a5 13. a4 b4 14. Nxd5 cxd5 15.
Re1 Qb6 16. Rc1 Nc6 17. Rc5 Bd7 18. Qd3 Rfc8 19. Rec1 Qd8 20. Qe3 Qf6 21. Bd1
Qd8 22. b3 Na7 23. Be2 Rxc5 24. dxc5 Rc8 25. Nd4 Kf7 26. Bb5 Qe8 27. Re1 Rxc5
28. Nxf5 exf5 29. Bxd7 Qxe3 30. Rxe3 g6 31. Re5 Nc6 32. Bxc6 Rxc6 33. Rxd5 Rc3
34. Rxa5 h6 35. Kg2 Rxb3 $11 36. Rb5 Rb2 37. h3 b3 38. g4 fxg4 39. hxg4 Ra2 40.
Rxb3 Rxa4 41. Kf3 Rc4 42. Rb7+ Kg8 43. Re7 Rb4 44. Re4 Rb3+ 45. Re3 Rb4 46. Rd3
Kf7 47. Ke3 Ra4 48. Rd7+ Kg8 49. Kf3 Rb4 50. Kg3 Ra4 51. f5 gxf5 52. gxf5 Rb4
53. f4 h5 54. Re7 Ra4 55. Re6 Kg7 56. Rg6+ Kh7 57. Rg5 Kh6 58. Rg6+ 1/2-1/2

[Event "SV Castrop-Rauxel 1 - PSV Duisburg 1"]
[Site "Oberliga NRW 2010/2011"]
[Date "2010.11.28"]
[Round "3.6"]
[White "Kaeding, Rainer"]
[Black "Wessels, Marco"]
[Result "1/2-1/2"]
[WhiteElo "2130"]
[BlackElo "2133"]
[PlyCount "70"]
[EventDate "2010.??.??"]

1. d4 d5 2. Nf3 Nf6 3. Bf4 c5 4. c3 cxd4 5. cxd4 Nc6 6. Qb3 g6 7. e3 Bg7 8. Nc3
O-O 9. Rc1 Na5 10. Qb4 Nh5 11. Be5 f6 12. Bg3 Nxg3 13. hxg3 Be6 14. Be2 Bf7 15.
O-O b6 16. Ba6 e5 17. Nb5 Kh8 18. Rc2 Rg8 19. Qd6 Re8 20. Rfc1 Nc4 21. Qxd8
Rexd8 22. b3 Nd6 23. dxe5 fxe5 24. Ng5 Bg8 25. Nc7 Rab8 26. Nce6 Rd7 27. Rc7
Rxc7 28. Rxc7 Bf6 29. Rd7 Ne4 30. Nf7+ Bxf7 31. Rxf7 Re8 32. Nc7 Rd8 33. Ne6
Re8 34. Nc7 Rd8 35. Ne6 Re8 1/2-1/2

[Event "SV Castrop-Rauxel 1 - PSV Duisburg 1"]
[Site "Oberliga NRW 2010/2011"]
[Date "2010.11.28"]
[Round "3.7"]
[White "Werner, Knud"]
[Black "Kartsev, Alexandr"]
[Result "1-0"]
[WhiteElo "2114"]
[BlackElo "2179"]
[PlyCount "97"]
[EventDate "2010.??.??"]

1. Nf3 f5 2. c4 g6 3. Nc3 Nf6 4. d3 Bg7 5. g3 O-O 6. Bg2 d6 7. e4 e5 8. O-O c6
9. c5 h6 10. Nh4 Kh7 11. cxd6 Qxd6 12. f4 exf4 13. gxf4 fxe4 14. dxe4 Qc5+ 15.
Kh1 Bg4 16. Qe1 Nbd7 17. e5 Nd5 18. Nxd5 cxd5 19. Be3 Qb5 20. Qd2 Nb6 21. b3
Rad8 22. Bd4 Nc8 23. Qc2 Qc6 24. Qd3 Qe6 25. Rac1 Rf7 26. h3 Bf5 27. Nxf5 gxf5
28. Bf3 b6 29. Rg1 Rfd7 30. Rc2 Ne7 31. Bh5 Rg8 32. Rcg2 Rdd8 33. Bf2 Bh8 34.
Bh4 Rxg2 35. Rxg2 Bg7 36. Qg3 Rg8 37. Bxe7 Qxe7 38. Bg6+ Kh8 39. Bxf5 Rf8 40.
Qg6 Rxf5 41. Qxf5 d4 42. Rc2 Kg8 43. Rc8+ Bf8 44. Rxf8+ Qxf8 45. Qxf8+ Kxf8 46.
Kg2 Ke7 47. Kf3 d3 48. Ke3 d2 49. Kxd2 1-0

[Event "SV Castrop-Rauxel 1 - PSV Duisburg 1"]
[Site "Oberliga NRW 2010/2011"]
[Date "2010.11.28"]
[Round "3.8"]
[White "Hille, Ralph Ingo"]
[Black "Montignies, Rainer"]
[Result "0-1"]
[WhiteElo "2096"]
[BlackElo "2224"]
[PlyCount "106"]
[EventDate "2010.??.??"]

1. d4 e6 2. Nf3 c5 3. c4 cxd4 4. Nxd4 Nf6 5. Nc3 a6 6. e3 Qc7 7. Be2 d6 8. O-O
Nbd7 9. Qc2 Be7 10. b3 b6 11. Bb2 Bb7 12. Rac1 Rc8 13. Rfd1 Ne5 14. Nf3 Nxf3+
15. Bxf3 Bxf3 16. gxf3 b5 17. cxb5 axb5 18. Qe2 O-O 19. Qxb5 Rb8 20. Qd3 Qa5
21. Kh1 Rfc8 22. Rg1 Qh5 23. Rg3 Rc5 24. Ne4 Nxe4 25. Qxe4 Rxc1+ 26. Bxc1 Qa5
27. Bb2 e5 28. Qb1 Qd2 29. Rg2 Rc8 30. h3 Rc2 31. Ba3 d5 32. Bxe7 Rc1+ 33. Qxc1
Qxc1+ 34. Rg1 Qc2 35. Kg2 d4 36. exd4 exd4 37. Bg5 h6 38. Bc1 d3 39. b4 d2 40.
Bxd2 Qxd2 41. a3 Qb2 42. b5 Qxb5 43. Re1 Qg5+ 44. Kf1 Kh7 45. Re3 Kg6 46. Rc3
Kh5 47. Ke2 Kh4 48. Kd3 Qd5+ 49. Kc2 Kxh3 50. Kb2 h5 51. a4 h4 52. Ka3 Kg2 53.
Kb4 h3 0-1

[Event "DJK Aufwärts Aachen 1 - SV Wattenscheid"]
[Site "Oberliga NRW 2010/2011"]
[Date "2010.11.28"]
[Round "3.1"]
[White "Mladenov, Svetlin"]
[Black "Roeder, Matthias"]
[Result "1/2-1/2"]
[WhiteElo "2383"]
[BlackElo "2396"]
[PlyCount "85"]
[EventDate "2010.??.??"]

1. e4 c5 2. Nf3 d6 3. d4 cxd4 4. Nxd4 Nf6 5. Nc3 a6 6. Be2 e5 7. Nb3 Be7 8. O-O
O-O 9. a4 Be6 10. Bf3 Qc7 11. Re1 Rc8 12. Be3 Nbd7 13. a5 b5 14. axb6 Nxb6 15.
Na5 Nc4 16. Nxc4 Qxc4 17. Ra4 Qc6 18. Qa1 Qb7 19. h3 h6 20. Rd1 Bd7 21. Ra3 Bc6
22. Rb3 Qd7 23. Rb6 a5 24. Qa3 d5 25. Bc5 Bxc5 26. Qxc5 d4 27. Ne2 Qe8 28. Qa3
Nd7 29. Rb3 Qf8 30. Ng3 Qxa3 31. Rxa3 Nb6 32. Be2 Ba4 33. b3 Bd7 34. Bd3 g6 35.
f4 f6 36. Rf1 Kg7 37. h4 a4 38. h5 Rc3 39. Ne2 Rc7 40. hxg6 Kxg6 41. Ng3 Rc3
42. Ne2 Rc7 43. Ng3 1/2-1/2

[Event "DJK Aufwärts Aachen 1 - SV Wattenscheid"]
[Site "Oberliga NRW 2010/2011"]
[Date "2010.11.28"]
[Round "3.2"]
[White "Braun, Christian"]
[Black "Souleidis, Georgios"]
[Result "1/2-1/2"]
[WhiteElo "2370"]
[BlackElo "2350"]
[PlyCount "157"]
[EventDate "2010.??.??"]

1. e4 c5 2. Nf3 Nc6 3. d4 cxd4 4. Nxd4 Qb6 5. Nb3 Nf6 6. Nc3 e6 7. Bd3 d6 8.
Qe2 a6 9. O-O Be7 10. Kh1 Qc7 11. f4 O-O 12. Bd2 b5 13. a3 Bb7 14. Rae1 Nd7 15.
a4 bxa4 16. Nxa4 Nb6 17. Nxb6 Qxb6 18. Bc3 Rfe8 19. e5 Nb4 20. Bxb4 Qxb4 21. f5
Bh4 22. f6 dxe5 23. fxg7 f5 24. Ra1 e4 25. Bc4 Kxg7 26. Nd4 Qb6 27. Qe3 Kh8 28.
Nxf5 Qxe3 29. Nxe3 Bg5 30. Rfe1 Rac8 31. Bb3 Rcd8 32. Re2 Kg7 33. Kg1 Re7 34.
Ra5 h6 35. Bc4 Rf7 36. h3 Rf6 37. Ng4 Rd1+ 38. Kh2 Bf4+ 39. g3 e3 40. gxf4 Rxf4
41. Nxe3 Rh1+ 42. Kg3 Rf3+ 43. Kg4 Rhxh3 44. Bxe6 Rfg3+ 45. Kf4 Rf3+ 46. Ke5
Rxe3+ 47. Rxe3 Rxe3+ 48. Kd6 Re2 49. Bf5 h5 50. Bd3 Rd2 51. Kc7 Bf3 52. Rxa6
Be2 53. Rg6+ Kf7 54. Rg2 Rxd3 55. cxd3 Bxd3 56. Kd6 Kf6 57. Kd5 Kf5 58. Kd4 Bb5
59. Rc2 Kf4 60. Rf2+ Kg3 61. Ke3 Bd7 62. Rf3+ Kg4 63. Rf7 Bc6 64. b4 h4 65. Rc7
Bd5 66. b5 h3 67. Rh7 Kg3 68. Rg7+ Kh2 69. b6 Kh1 70. b7 Bxb7 71. Rxb7 Kg2 72.
Rg7+ Kf1 73. Rf7+ Kg2 74. Rf2+ Kg3 75. Rf8 Kg2 76. Ke2 h2 77. Rg8+ Kh1 78. Rf8
Kg2 79. Rg8+ 1/2-1/2

[Event "DJK Aufwärts Aachen 1 - SV Wattenscheid"]
[Site "Oberliga NRW 2010/2011"]
[Date "2010.11.28"]
[Round "3.3"]
[White "Tereick, Benjamin"]
[Black "Gulbas, Cemil"]
[Result "1/2-1/2"]
[WhiteElo "2372"]
[BlackElo "2325"]
[Annotator ",Daniel"]
[PlyCount "67"]
[EventDate "2010.??.??"]

1. c4 c5 2. Nf3 g6 3. e4 Bg7 4. d4 cxd4 5. Nxd4 Nc6 6. Be3 Nf6 7. Nc3 Ng4 8.
Qxg4 Nxd4 9. Qd1 Nc6 10. Qd2 O-O 11. Be2 d6 12. O-O b6 13. Rad1 Bb7 14. Bh6 Rc8
15. Bxg7 Kxg7 16. Rfe1 Qd7 17. Bf1 Rcd8 18. b3 f6 19. Re3 Ne5 20. f4 Nf7 21. e5
fxe5 22. fxe5 Qg4 23. exd6 Rxd6 24. Qe2 Rxd1 $11 25. Nxd1 Qd4 26. Nf2 e5 27.
Qd3 Qc5 28. Qc3 a5 29. a3 Qxa3 30. Nd3 Qd6 31. Nxe5 Nxe5 32. Qxe5+ Qxe5 33.
Rxe5 Bc6 34. Be2 1/2-1/2

[Event "DJK Aufwärts Aachen 1 - SV Wattenscheid"]
[Site "Oberliga NRW 2010/2011"]
[Date "2010.11.28"]
[Round "3.4"]
[White "Hautot, Stephane"]
[Black "Straeter, Timo"]
[Result "1/2-1/2"]
[WhiteElo "2396"]
[BlackElo "2278"]
[PlyCount "113"]
[EventDate "2010.??.??"]

1. e4 e5 2. d4 exd4 3. Nf3 Bc5 4. Bc4 Nc6 5. c3 Nf6 6. e5 d5 7. Bb5 Ne4 8. cxd4
Bb4+ 9. Bd2 Nxd2 10. Nbxd2 O-O 11. Bxc6 bxc6 12. O-O Rb8 13. a3 Be7 14. b4 a5
15. bxa5 Ba6 16. Re1 c5 17. Nb3 c4 18. Nc5 Bc8 19. h3 Kh8 20. Qa4 Bxc5 21. dxc5
Qe7 22. Rab1 Bd7 23. c6 Bf5 24. Rb7 Ra8 25. Qb4 Qd8 26. Nd4 Be4 27. f3 Bd3 28.
Nb5 d4 29. Rxc7 c3 30. Rd7 Qh4 31. Ra1 Bxb5 32. Qxb5 Rfb8 33. Rb7 Rc8 34. c7
Qf4 35. Qc5 h6 36. Rb4 Qe3+ 37. Kh1 c2 38. Qxc2 Qxe5 39. Rc1 Rxa5 40. Qd3 Rc5
41. Rxc5 Qxc5 42. Rc4 Qe5 43. Qxd4 Qxd4 44. Rxd4 Rxc7 45. Rd1 Rc4 46. Kg1 g5
47. Ra1 Ra4 48. Kf2 Kg7 49. Ke3 Kf6 50. Kd3 Ke5 51. Kc3 Kf4 52. Kb3 Ra8 53. a4
Rb8+ 54. Kc3 Rc8+ 55. Kd3 Rd8+ 56. Ke2 Kg3 57. Kf1 1/2-1/2

[Event "DJK Aufwärts Aachen 1 - SV Wattenscheid"]
[Site "Oberliga NRW 2010/2011"]
[Date "2010.11.28"]
[Round "3.5"]
[White "Hirsch, Stefan"]
[Black "Skulener, Wladimir"]
[Result "0-1"]
[WhiteElo "2187"]
[BlackElo "2285"]
[PlyCount "70"]
[EventDate "2010.??.??"]

1. Nf3 f5 2. b3 d6 3. d4 g6 4. Bb2 Bg7 5. e3 Nf6 6. Be2 O-O 7. Nbd2 Nc6 8. c4
e5 9. d5 Ne7 10. h4 Bd7 11. Qc2 Rc8 12. O-O h6 13. Rfd1 Nh7 14. b4 g5 15. hxg5
hxg5 16. Qb3 g4 17. Nh2 Qe8 18. a4 Qh5 19. Ndf1 f4 20. exf4 exf4 21. Bxg7 Kxg7
22. Qb2+ Nf6 23. Ra3 Ng6 24. Rd4 Qg5 25. Qd2 Rce8 26. Bd3 Bf5 27. Ng3 Bxd3 28.
Raxd3 Qe5 29. Ngf1 Rh8 30. c5 Rh7 31. cxd6 cxd6 32. Rc4 Re7 33. Qc1 Qf5 34. Rd1
Qh5 35. Qc3 g3 0-1

[Event "DJK Aufwärts Aachen 1 - SV Wattenscheid"]
[Site "Oberliga NRW 2010/2011"]
[Date "2010.11.28"]
[Round "3.6"]
[White "van Dooren, Dirk"]
[Black "Bouaraba, Max"]
[Result "1/2-1/2"]
[WhiteElo "2248"]
[BlackElo "2156"]
[PlyCount "81"]
[EventDate "2010.??.??"]

1. e4 c5 2. d3 g6 3. f4 Bg7 4. Nf3 Nc6 5. g3 Nf6 6. Bg2 O-O 7. O-O d5 8. Ne5
Nxe5 9. fxe5 Ng4 10. exd5 Bxe5 11. Qe2 Bg7 12. Nc3 Bd7 13. Bg5 f6 14. Bd2 Nh6
15. Be3 Rc8 16. d4 Qb6 17. dxc5 Qxb2 18. Qd2 f5 19. Bd4 Qb4 20. Bxg7 Kxg7 21.
c6 bxc6 22. Rab1 Qc5+ 23. Kh1 cxd5 24. Nxd5 Bc6 25. Nf4 Bxg2+ 26. Qxg2 Qc6 27.
Qxc6 Rxc6 28. Rb7 Rf7 29. Rxa7 e5 30. Rxf7+ Nxf7 31. Nd5 Rxc2 32. Ra1 Ng5 33.
Ne3 Re2 34. Nf1 f4 35. gxf4 exf4 36. a4 Ne4 37. a5 f3 38. Ng3 Nxg3+ 39. hxg3 f2
40. Rf1 Ra2 41. Kg2 1/2-1/2

[Event "DJK Aufwärts Aachen 1 - SV Wattenscheid"]
[Site "Oberliga NRW 2010/2011"]
[Date "2010.11.28"]
[Round "3.7"]
[White "Lehmann, Holger"]
[Black "Wantiez, Fabrice"]
[Result "1/2-1/2"]
[WhiteElo "2139"]
[BlackElo "2348"]
[PlyCount "51"]
[EventDate "2010.??.??"]

1. d4 Nf6 2. c4 g6 3. Nc3 d5 4. cxd5 Nxd5 5. e4 Nxc3 6. bxc3 Bg7 7. Bc4 c5 8.
Ne2 Nc6 9. Be3 O-O 10. O-O Qc7 11. Rc1 Rd8 12. Bf4 e5 13. Bg5 Rd7 14. d5 Na5
15. Bb5 Rd6 16. c4 Rb8 17. Be3 Bd7 18. f4 Bxb5 19. cxb5 b6 20. f5 Nb7 21. Nc3
Rc8 22. Qe2 Rd7 23. h4 Nd6 24. f6 Bf8 25. g4 h6 26. Kg2 1/2-1/2

[Event "DJK Aufwärts Aachen 1 - SV Wattenscheid"]
[Site "Oberliga NRW 2010/2011"]
[Date "2010.11.28"]
[Round "3.8"]
[White "Foerster, Sven"]
[Black "Thelen, Thomas"]
[Result "0-1"]
[WhiteElo "2104"]
[BlackElo "2079"]
[PlyCount "80"]
[EventDate "2010.??.??"]

1. Nf3 c5 2. c4 b6 3. g3 Bb7 4. Bg2 e6 5. O-O Nf6 6. Nc3 Be7 7. b3 a6 8. Bb2
O-O 9. e3 Qc7 10. Rc1 d6 11. d4 Nbd7 12. Re1 Rfe8 13. e4 cxd4 14. Nxd4 Rac8 15.
h3 Qb8 16. g4 g6 17. Nde2 h6 18. Ng3 Ba8 19. Qe2 Bf8 20. h4 Ne5 21. g5 Nh7 22.
f4 Nd7 23. Rcd1 hxg5 24. hxg5 Bc6 25. Qg4 b5 26. cxb5 axb5 27. Kh1 Bg7 28. Re2
b4 29. Nd5 exd5 30. Bxg7 Kxg7 31. f5 Rh8 32. Kg1 Ne5 33. Qf4 dxe4 34. f6+ Kg8
35. Nxe4 Qb6+ 36. Rf2 Bxe4 37. Bxe4 Nf8 38. Qg3 Rc3 39. Qg2 Rhh3 40. Kf1 Rcg3
0-1

[Event "SV Mülheim-Nord 2 - SV Castrop-Rauxel 1"]
[Site "Oberliga NRW 2010/2011"]
[Date "2010.12.19"]
[Round "4.1"]
[White "de Jong, Jan Willem"]
[Black "Litwak, Aleksej"]
[Result "1-0"]
[WhiteElo "2378"]
[BlackElo "2294"]
[PlyCount "99"]
[EventDate "2010.??.??"]

1. d4 d5 2. c4 e6 3. Nf3 c5 4. cxd5 exd5 5. Nc3 Nc6 6. g3 Nf6 7. Bg2 Be7 8. O-O
O-O 9. Bg5 c4 10. Ne5 Be6 11. b3 Qa5 12. Qd2 Rad8 13. Nxc6 bxc6 14. Rfd1 Bb4
15. Bxf6 gxf6 16. Rdc1 Ba3 17. Rc2 Bf5 18. e4 dxe4 19. Bxe4 Bxe4 20. Nxe4 Qxd2
21. Nxd2 c3 22. Nc4 Bb2 23. Rd1 Rd5 24. Nxb2 cxb2 25. Rxb2 c5 26. Kf1 cxd4 27.
Ke2 a5 28. Kd3 Rfd8 29. Rc1 Kg7 30. Rc4 Kg6 31. Rbc2 R5d7 32. Re2 f5 33. Re5
Ra8 34. Rxd4 Rda7 35. Rdd5 a4 36. b4 a3 37. Rxf5 Rb8 38. Kc3 Re7 39. Rg5+ Kh6
40. Rge5 Rc7+ 41. Kb3 Rcb7 42. Re4 Rc8 43. Rc4 Re8 44. b5 Re1 45. Rc6+ Kg7 46.
Kxa3 Re2 47. Kb3 Rxf2 48. Rc2 Rf3+ 49. Kb4 Rf1 50. Ka5 1-0

[Event "SV Mülheim-Nord 2 - SV Castrop-Rauxel 1"]
[Site "Oberliga NRW 2010/2011"]
[Date "2010.12.19"]
[Round "4.2"]
[White "Kaufeld, Juergen"]
[Black "van Oosterom, Chiel"]
[Result "0-1"]
[WhiteElo "2224"]
[BlackElo "2429"]
[PlyCount "46"]
[EventDate "2010.??.??"]

1. e4 c5 2. Nf3 e6 3. d4 cxd4 4. Nxd4 Nc6 5. Nc3 a6 6. Be2 Nge7 7. O-O Nxd4 8.
Qxd4 Nc6 9. Qd3 Qc7 10. f4 b5 11. Kh1 Bb7 12. Bd2 Be7 13. Qh3 Na5 14. Bd3 Nc4
15. Bc1 Bb4 16. Ne2 Bd2 17. b3 Bxc1 18. Rfxc1 Nb2 19. Qe3 O-O 20. Qd4 Nxd3 21.
cxd3 Bc6 22. Rc2 f5 23. e5 Bxg2+ 0-1

[Event "SV Mülheim-Nord 2 - SV Castrop-Rauxel 1"]
[Site "Oberliga NRW 2010/2011"]
[Date "2010.12.19"]
[Round "4.3"]
[White "Michielsen, Joost"]
[Black "Hausrath, Daniel"]
[Result "0-1"]
[WhiteElo "2354"]
[BlackElo "2473"]
[PlyCount "70"]
[EventDate "2010.??.??"]

1. e4 c5 2. Nf3 g6 3. d4 cxd4 4. Nxd4 Bg7 5. c4 Nc6 6. Be3 Nf6 7. Nc3 O-O 8.
Be2 d6 9. O-O Bd7 10. Qd2 a5 11. f4 a4 12. Bf3 Qa5 13. c5 dxc5 14. Nxc6 Bxc6
15. e5 Ne8 16. Bxc6 bxc6 17. Rac1 Rb8 18. Rc2 c4 19. Qd7 Qc7 20. Qd4 Nd6 21.
Qc5 Nf5 22. Bf2 a3 23. bxa3 Rfd8 24. a4 e6 25. Qxc4 Bf8 26. Bc5 Qa5 27. Ne4
Bxc5+ 28. Qxc5 Qxa4 29. Nd6 Ne3 30. Qxe3 Qxc2 31. Qa7 Rf8 32. Nxf7 Rb2 33. Nh6+
Kh8 34. Rf2 Rb1+ 35. Rf1 Rxf1+ 0-1

[Event "SV Mülheim-Nord 2 - SV Castrop-Rauxel 1"]
[Site "Oberliga NRW 2010/2011"]
[Date "2010.12.19"]
[Round "4.4"]
[White "Caessens, Rob"]
[Black "Racherbaeumer, Marcel"]
[Result "1/2-1/2"]
[WhiteElo "2241"]
[BlackElo "2246"]
[Annotator ",Daniel"]
[PlyCount "42"]
[EventDate "2010.??.??"]

1. Nf3 c5 2. g3 Nc6 3. Bg2 g6 4. O-O Bg7 5. c3 e5 6. d3 Nge7 7. a4 O-O 8. Na3
d6 9. Rb1 a5 10. Nb5 h6 11. Bd2 Be6 12. Ne1 f5 13. Nc2 d5 14. f4 e4 15. d4 b6
16. b3 cxd4 17. cxd4 $11 Qd7 18. e3 Rfc8 19. Rf2 Nd8 20. Bc1 Nf7 21. Bf1 Nc6
1/2-1/2

[Event "SV Mülheim-Nord 2 - SV Castrop-Rauxel 1"]
[Site "Oberliga NRW 2010/2011"]
[Date "2010.12.19"]
[Round "4.5"]
[White "Kartsev, Soel"]
[Black "Peerlings, Camiel"]
[Result "1-0"]
[WhiteElo "2103"]
[BlackElo "2194"]
[PlyCount "83"]
[EventDate "2010.??.??"]

1. d4 d6 2. e4 Nf6 3. Nc3 Nbd7 4. Nf3 e5 5. g4 Nxg4 6. Rg1 exd4 7. Nxd4 Nde5 8.
Bf4 c6 9. Be2 Qf6 10. Qd2 g5 11. Bg3 h5 12. O-O-O h4 13. Bxe5 Nxe5 14. Kb1 Qf4
15. Rxg5 Qxd2 16. Rxd2 Bd7 17. Nf5 Bxf5 18. Rxf5 Ke7 19. f4 Bh6 20. Rd1 Ng6 21.
Bc4 Raf8 22. Rf1 Rhg8 23. a4 Bg7 24. Ne2 a6 25. c3 b5 26. axb5 axb5 27. Bb3 c5
28. Bd5 Rh8 29. h3 Rh6 30. Rg1 Bf6 31. Kc2 Rfh8 32. Ra1 Nf8 33. e5 dxe5 34.
fxe5 Bxe5 35. Rxe5+ Kd6 36. Rf5 f6 37. Ra6+ Ke7 38. Rb6 Nd7 39. Rxb5 Kd6 40.
Bf3 Ne5 41. Rb6+ Ke7 42. Nf4 1-0

[Event "SV Mülheim-Nord 2 - SV Castrop-Rauxel 1"]
[Site "Oberliga NRW 2010/2011"]
[Date "2010.12.19"]
[Round "4.6"]
[White "Bus, Tomas"]
[Black "Kaeding, Rainer"]
[Result "1/2-1/2"]
[WhiteElo "2148"]
[BlackElo "2130"]
[PlyCount "34"]
[EventDate "2010.??.??"]

1. c4 e6 2. g3 d5 3. Bg2 Nf6 4. Nf3 dxc4 5. Na3 c5 6. Nxc4 Be7 7. O-O O-O 8. b3
Nbd7 9. Bb2 Qc7 10. d4 b5 11. Nce5 Bb7 12. Nxd7 Nxd7 13. dxc5 Nxc5 14. Rc1 Rfd8
15. Qc2 Qa5 16. Qb1 Rac8 17. Qa1 Bf8 1/2-1/2

[Event "SV Mülheim-Nord 2 - SV Castrop-Rauxel 1"]
[Site "Oberliga NRW 2010/2011"]
[Date "2010.12.19"]
[Round "4.7"]
[White "Kartsev, Alexandr"]
[Black "Wittenberg, Andreas"]
[Result "1/2-1/2"]
[WhiteElo "2179"]
[BlackElo "2174"]
[PlyCount "121"]
[EventDate "2010.??.??"]

1. e4 e6 2. d4 d5 3. e5 c5 4. c3 Nc6 5. Nf3 Bd7 6. Be2 Nge7 7. Na3 cxd4 8. cxd4
Nf5 9. Nc2 Qb6 10. O-O a5 11. Qd3 Be7 12. Bd2 Nb4 13. Nxb4 axb4 14. a3 bxa3 15.
bxa3 Bc6 16. Rab1 Qc7 17. Bb4 O-O 18. g4 Nh6 19. Nd2 f5 20. g5 Nf7 21. f4 Ra4
22. Rfc1 Rfa8 23. Qc3 Bxb4 24. axb4 Qb6 25. b5 Be8 26. Nb3 Nh8 27. Qc5 Qd8 28.
Qd6 Qxd6 29. exd6 b6 30. Rc7 R4a7 31. Nc5 Nf7 32. Nxe6 Nxd6 33. Bf3 Ne4 34.
Bxe4 fxe4 35. f5 Bd7 36. Rbc1 Bxb5 37. f6 gxf6 38. gxf6 Be8 39. f7+ Bxf7 40.
Rxa7 Rxa7 41. Rc8+ Be8 42. Nc7 Ra1+ 43. Kg2 Rc1 44. Rxe8+ Kf7 45. Rc8 Rc4 46.
Kg3 Rxd4 47. Rh8 Rd1 48. Rxh7+ Kf6 49. Rh6+ Ke5 50. Rxb6 Rg1+ 51. Kf2 Rg7 52.
Re6+ Kf5 53. Rc6 d4 54. Rc5+ Kg4 55. Ne6 Rf7+ 56. Kg2 e3 57. Nxd4 Rf2+ 58. Kg1
Rd2 59. Nc2 Rd1+ 60. Kg2 Rd2+ 61. Kg1 1/2-1/2

[Event "SV Mülheim-Nord 2 - SV Castrop-Rauxel 1"]
[Site "Oberliga NRW 2010/2011"]
[Date "2010.12.19"]
[Round "4.8"]
[White "Winkels, Marcel"]
[Black "Hille, Ralph Ingo"]
[Result "1/2-1/2"]
[WhiteElo "2029"]
[BlackElo "2096"]
[Annotator ",Daniel"]
[PlyCount "79"]
[EventDate "2010.??.??"]

1. e4 g6 2. d4 Bg7 3. Nc3 d5 4. exd5 Nf6 5. Nf3 Nbd7 6. Be2 Nb6 7. O-O Nbxd5 8.
Nxd5 Nxd5 9. c4 Nf6 10. Qb3 O-O 11. h3 c6 12. Re1 Qc7 13. Bd3 b6 14. Bg5 Be6
15. Qc2 Rad8 16. Rad1 Bc8 $11 17. Qc1 e6 18. Bf1 Bb7 19. Ne5 c5 20. Qf4 Rxd4
21. Rxd4 Nh5 22. Rd7 Qc8 23. Qd2 f6 24. Nxg6 hxg6 25. Be3 f5 26. Bg5 Bd4 27.
Re7 e5 28. Be3 Rf7 29. Rxf7 Kxf7 30. Bxd4 exd4 31. Qe2 Qd7 32. Qe5 Nf6 33. Bd3
Be4 34. Bf1 Qa4 35. b3 Qa5 36. Rd1 Bc2 37. Re1 Be4 38. Rc1 Qd2 39. Ra1 Qc3 40.
Rd1 1/2-1/2

[Event "Godesberger SK 1 - SV Wattenscheid 2"]
[Site "Oberliga NRW 2010/2011"]
[Date "2010.12.19"]
[Round "4.1"]
[White "Mladenov, Svetlin"]
[Black "Sprenger, Jan Michael"]
[Result "1/2-1/2"]
[WhiteElo "2383"]
[BlackElo "2458"]
[PlyCount "127"]
[EventDate "2010.??.??"]

1. e4 c5 2. Nf3 Nc6 3. d4 cxd4 4. Nxd4 Nf6 5. Nc3 e5 6. Ndb5 d6 7. Bg5 a6 8.
Na3 b5 9. Nd5 Be7 10. Nxe7 Nxe7 11. Bd3 Nd7 12. b4 h6 13. Bd2 d5 14. exd5 Nf6
15. O-O Qxd5 16. Re1 Bb7 17. Bf1 Ne4 18. Be3 Nc3 19. Qxd5 Nexd5 20. Bc5 f6 21.
Nb1 O-O-O 22. Nxc3 Nxc3 23. Re3 Na4 24. Ba7 Bd5 25. Ra3 Kb7 26. Be3 Rc8 27. Rd1
Rhd8 28. f4 Rxc2 29. fxe5 fxe5 30. Rad3 Nb2 31. Bg5 hxg5 32. Rxd5 Nxd1 33. Rxd8
Ne3 34. Rd3 Nxf1 35. Kxf1 Rxa2 36. Re3 Kc6 37. Rxe5 a5 38. Rc5+ Kb6 39. Rxg5
axb4 40. Rg3 Ka5 41. Ke1 Ka4 42. Rxg7 b3 43. Kd1 Ra1+ 44. Kd2 b2 45. Kc3 b4+
46. Kxb2 Rh1 47. h3 Re1 48. Rc7 Re3 49. Rc2 Rb3+ 50. Ka1 Re3 51. Kb2 Rb3+ 52.
Ka2 Ra3+ 53. Kb1 Rb3+ 54. Rb2 Re3 55. Rf2 b3 56. Kb2 Rg3 57. Rf4+ Kb5 58. Rf5+
Kc4 59. Rf4+ Kc5 60. Rf2 Kb4 61. Re2 Kc4 62. Ka3 Rg8 63. Kb2 Kd3 64. Rf2
1/2-1/2

[Event "Godesberger SK 1 - SV Wattenscheid 2"]
[Site "Oberliga NRW 2010/2011"]
[Date "2010.12.19"]
[Round "4.2"]
[White "Dranov, Aleksandr"]
[Black "Souleidis, Georgios"]
[Result "1-0"]
[WhiteElo "2442"]
[BlackElo "2350"]
[PlyCount "63"]
[EventDate "2010.??.??"]

1. e4 c5 2. Nf3 Nc6 3. d4 cxd4 4. Nxd4 Qb6 5. Nb3 Nf6 6. Nc3 e6 7. Bd3 d6 8.
Be3 Qc7 9. f4 Be7 10. Qf3 a6 11. O-O-O b5 12. e5 dxe5 13. fxe5 Nd7 14. Be4 Bb7
15. Qg3 g6 16. Rxd7 Qxd7 17. Rd1 Qc7 18. Nc5 Bxc5 19. Bxc5 Rd8 20. Bd6 Rxd6 21.
exd6 Qd7 22. Bf3 f5 23. h4 Kf7 24. h5 Nd8 25. Rh1 Rg8 26. hxg6+ hxg6 27. Rh7+
Rg7 28. Rh8 Bxf3 29. gxf3 Nb7 30. Ne4 Nxd6 31. Nxd6+ Ke7 32. Qe5 1-0

[Event "Godesberger SK 1 - SV Wattenscheid 2"]
[Site "Oberliga NRW 2010/2011"]
[Date "2010.12.19"]
[Round "4.3"]
[White "Tereick, Benjamin"]
[Black "Jackelen, Thomas"]
[Result "1-0"]
[WhiteElo "2372"]
[BlackElo "2378"]
[PlyCount "119"]
[EventDate "2010.??.??"]

1. Nf3 d5 2. g3 Nf6 3. Bg2 c6 4. O-O Bg4 5. d4 e6 6. Nbd2 Nbd7 7. Re1 Be7 8. e4
O-O 9. c3 Bh5 10. e5 Ne8 11. Nb3 Nc7 12. Be3 b6 13. Nc1 c5 14. Nd3 Bg6 15. Nf4
Be4 16. Bf1 h6 17. h4 c4 18. Nh2 Qe8 19. Bh3 b5 20. a3 a5 21. Nh5 Kh8 22. Qd2
Bg6 23. Bg4 Rg8 24. Bd1 Bf8 25. Nf4 Bh7 26. Bc2 Bxc2 27. Qxc2 b4 28. axb4 axb4
29. Kg2 Be7 30. Ng4 Qb8 31. Nh5 Qb7 32. Qd2 Bf8 33. Nxh6 gxh6 34. Bxh6 Rg6 35.
Bg5 Ne8 36. Rxa8 Qxa8 37. Qf4 Kg8 38. Re3 Ng7 39. Rf3 Qe8 40. Nf6+ Nxf6 41.
exf6 e5 42. dxe5 Ne6 43. Qf5 bxc3 44. bxc3 Kh8 45. Be3 Bc5 46. Bxc5 Nxc5 47.
Re3 Qc6 48. Kh2 Ne6 49. f4 Qb6 50. Qh5+ Kg8 51. Qf3 d4 52. Re1 Qb2+ 53. Kh3 Qd2
54. Rd1 Qxc3 55. Qxc3 dxc3 56. f5 Nc5 57. fxg6 Nd3 58. e6 fxg6 59. f7+ Kf8 60.
Rf1 1-0

[Event "Godesberger SK 1 - SV Wattenscheid 2"]
[Site "Oberliga NRW 2010/2011"]
[Date "2010.12.19"]
[Round "4.4"]
[White "Mertens, Heiko"]
[Black "Straeter, Timo"]
[Result "0-1"]
[WhiteElo "2282"]
[BlackElo "2278"]
[PlyCount "70"]
[EventDate "2010.??.??"]

1. e4 e5 2. Nf3 Nc6 3. Bb5 a6 4. Ba4 d6 5. Nc3 Bd7 6. a3 Nf6 7. d4 exd4 8. Nxd4
b5 9. Nxc6 Bxc6 10. Bb3 Be7 11. O-O O-O 12. Re1 Bb7 13. Bf4 Nd7 14. Nd5 Bf6 15.
c3 Be5 16. Qf3 Nc5 17. Ba2 Bxf4 18. Nxf4 Qf6 19. Re3 Rae8 20. Rae1 Nd7 21. Qg3
Ne5 22. Nd5 Bxd5 23. Bxd5 c6 24. Ba2 g5 25. Rd1 Rd8 26. Re2 Rd7 27. Qe3 a5 28.
Qb6 a4 29. Red2 Rfd8 30. Qd4 Qf4 31. h3 g4 32. hxg4 Nxg4 33. g3 Qh6 34. Kf1 Re7
35. Qd3 Qh1+ 0-1